000 00306nam a22001337a 4500
020 _a978-0-7166-2271-0
082 _a001
_bCAR/4
100 _aCARRIGAN, MELLONEE
245 _aHOW THINGS WORK
260 _aUSA
_bWORLD BOOK INC
_c2013
300 _a192
650 _aENCYCLOPEDIA SCIENCE
_zINDIA
942 _cBK
999 _c1810
_d1810